000 00677nam a2200289Ia 4500
005 20260324143939.0
008 008 260324s9999 xx 000 0 eng d
020 _a9781315846538
037 _aEBOOK
040 _aCRL
040 _beng
040 _cCRL
041 _2eng
041 _aeng
084 _qCRL
100 _aHoward Jackson
_91117294
245 0 _aGrammar and Meaning
245 2 _bA Semantic Approach to English Grammar
260 _bTaylor and Francis
260 _c1990
365 _a
365 _b300
856 _uhttp://www.taylorfrancis.com/books/9781315846538
942 _cEBOOK
999 _c1823529
_d1823529